000 00682nam a2200217Ia 4500
003 GCL
008 140319s9999 xx 000 0 ara d
040 _aGCL /
_cGCL
082 0 4 _a361
_bع م
100 1 _aعبدالفتاح عثمان
245 1 0 _aمقدمة فى الخدمة الاجتماعية /
_cعبدالفتاح عثمان
700 1 _aمحمد حسين اسماعيل
700 1 _aعبدالحليم رضا
260 _a[S.N] :
_bمكتبة الانجلوالمصرية ،
_c1994
300 _a358 ص
490 _a
650 0 4 _aخدمة الفرد
650 0 4 _aالخدمة الاجتماعية
650 0 4 _aخدمة الجماعة
942 _2ddc
_cBK
999 _c31453
_d31453